书目信息 |
| 题名: |
建筑空间的模块化建构
|
|
| 作者: | 曾凡博 著 | |
| 分册: | ||
| 出版信息: | 北京 中国建筑工业出版社 2025.01 |
|
| 页数: | 211页 | |
| 开本: | 26cm | |
| 丛书名: | ||
| 单 册: | ||
| 中图分类: | TU241.02 | |
| 科图分类: | ||
| 主题词: | 住宅--zhu zhai--室内装饰设计--研究 | |
| 电子资源: | ||
| ISBN: | 978-7-112-30690-9 | |
| 000 | 01274nam0 2200253 450 | |
| 001 | 91135 | |
| 005 | 20250816163938.20 | |
| 010 | @a978-7-112-30690-9@dCNY68.00 | |
| 100 | @a20250527d2025 em y0chiy50 ea | |
| 101 | 0 | @achi |
| 102 | @aCN@b110000 | |
| 105 | @aak z 000yy | |
| 106 | @ar | |
| 200 | 1 | @a建筑空间的模块化建构@Ajian zhu kong jian de mo kuai hua jian gou@e住宅套内空间模块分解与组合优化@f曾凡博著 |
| 210 | @a北京@c中国建筑工业出版社@d2025.01 | |
| 215 | @a211页@c图@d26cm | |
| 314 | @a曾凡博, 博士, 美国绿色注册建筑师。深圳大学建筑与城市规划学院助理教授, 任深圳大学本原设计研究中心模块化建筑研究所所长, 曾工作于美国纽约SOM建筑设计事务所, 主持研究及设计项目70余项。研究领域为建筑设计及其理论, 主要方向为模块化建筑理论与方法、数字模块关键技术攻关、模块化数字平台系统研发、基础集成建筑模块研发、建筑模块智能建造方法。 | |
| 330 | @a本书以居住行为为切入点, 将居住空间细化至行为空间的尺度, 通过定量化探讨居住空间的组织问题, 为建筑空间的精细化设计提供了新本的视角。 | |
| 517 | 1 | @a住宅套内空间模块分解与组合优化@Azhu zhai tao nei kong jian mo kuai fen jie yu zu he you hua |
| 606 | 0 | @a住宅@Azhu zhai@x室内装饰设计@x研究 |
| 690 | @aTU241.02@v5 | |
| 701 | 0 | @a曾凡博@Azeng fan bo@4著 |
| 801 | 0 | @aCN@c20250909 |
| 905 | @a河南城建学院图书馆@dTU241.02@eZ033@f1 | |
| 建筑空间的模块化建构:住宅套内空间模块分解与组合优化/曾凡博著.-北京:中国建筑工业出版社,2025.01 |
| 211页:图;26cm |
| ISBN 978-7-112-30690-9:CNY68.00 |
| 本书以居住行为为切入点, 将居住空间细化至行为空间的尺度, 通过定量化探讨居住空间的组织问题, 为建筑空间的精细化设计提供了新本的视角。 |
| ● |
| 相关链接 |
|
|
|
正题名:建筑空间的模块化建构
索取号:TU241.02/Z033
 
预约/预借
| 序号 | 登录号 | 条形码 | 馆藏地/架位号 | 状态 | 备注 |
| 1 | 1625097 | 216250973 | 建筑库101/101建筑库 63排5列1层/ [索取号:TU241.02/Z033] | 在馆 |